<?xml version="1.0" encoding="UTF-8"?>
<record
    xmlns:xsi="http://www.w3.org/2001/XMLSchema-instance"
    xsi:schemaLocation="http://www.loc.gov/MARC21/slim http://www.loc.gov/standards/marcxml/schema/MARC21slim.xsd"
    xmlns="http://www.loc.gov/MARC21/slim">

  <leader>00731nam a2200217   4500</leader>
  <controlfield tag="001">24435</controlfield>
  <datafield tag="010" ind1=" " ind2=" ">
    <subfield code="a">9789896920043</subfield>
  </datafield>
  <datafield tag="090" ind1=" " ind2=" ">
    <subfield code="a">24435</subfield>
  </datafield>
  <datafield tag="100" ind1=" " ind2=" ">
    <subfield code="a">20120207d2011    em y0pory5003    ba</subfield>
  </datafield>
  <datafield tag="200" ind1="1" ind2=" ">
    <subfield code="a">O desenvolvimento da crian&#xE7;a</subfield>
    <subfield code="e">como pensa, aprende e cresce nos primeiros anos</subfield>
    <subfield code="f">Desmond Morris</subfield>
  </datafield>
  <datafield tag="205" ind1=" " ind2=" ">
    <subfield code="a">1&#xAA;ed.</subfield>
  </datafield>
  <datafield tag="210" ind1=" " ind2=" ">
    <subfield code="a">Lisboa</subfield>
    <subfield code="c">Arteplural</subfield>
    <subfield code="c">C&#xED;rculo de Leitores</subfield>
    <subfield code="d"> 2011</subfield>
  </datafield>
  <datafield tag="215" ind1=" " ind2=" ">
    <subfield code="a">168 p.</subfield>
    <subfield code="c">il.</subfield>
    <subfield code="d">27 cm</subfield>
  </datafield>
  <datafield tag="606" ind1=" " ind2=" ">
    <subfield code="9">617</subfield>
    <subfield code="a">Crian&#xE7;as</subfield>
    <subfield code="x">Desenvolvimento</subfield>
  </datafield>
  <datafield tag="606" ind1=" " ind2=" ">
    <subfield code="9">621</subfield>
    <subfield code="a">Crian&#xE7;as</subfield>
    <subfield code="x">Psicologia</subfield>
  </datafield>
  <datafield tag="675" ind1=" " ind2=" ">
    <subfield code="a">159.922</subfield>
    <subfield code="9">613</subfield>
  </datafield>
  <datafield tag="700" ind1=" " ind2=" ">
    <subfield code="a">Morris</subfield>
    <subfield code="b">Desmond</subfield>
    <subfield code="f">1928-</subfield>
    <subfield code="9">503</subfield>
  </datafield>
  <datafield tag="702" ind1=" " ind2=" ">
    <subfield code="a">Margarido</subfield>
    <subfield code="b">Gra&#xE7;a</subfield>
    <subfield code="9">504</subfield>
  </datafield>
  <datafield tag="801" ind1=" " ind2="0">
    <subfield code="a">PT</subfield>
    <subfield code="b">BN</subfield>
    <subfield code="g">RPC</subfield>
  </datafield>
  <datafield tag="856" ind1="4" ind2="1">
    <subfield code="u">http://rnod.bn.pt/ImagesBN/winlibimg.aspx?skey=&amp;doc=1802652&amp;img=5940&amp;save=true</subfield>
  </datafield>
  <datafield tag="990" ind1=" " ind2=" ">
    <subfield code="c">LIVROS</subfield>
  </datafield>
  <datafield tag="995" ind1=" " ind2=" ">
    <subfield code="0">0</subfield>
    <subfield code="1">0</subfield>
    <subfield code="9">34832</subfield>
    <subfield code="b">BMVA</subfield>
    <subfield code="d">BMVA</subfield>
    <subfield code="f">0031035</subfield>
    <subfield code="k">159.9 MOR</subfield>
    <subfield code="m">2024-05-21</subfield>
    <subfield code="o">0</subfield>
    <subfield code="r">LIVROS</subfield>
  </datafield>
</record>
